00422cam a2200157ua 450000100060000000800390000602000150004504000090006008200100006910000260007924500750010525000180018026000320019830000150023065300190024510161170907n ii |||gr||||Z||||||eng a8121903742 cMAIN a338.5 aAhuja, H.L.,eAuthor. aModern microeconomics : btheory and applications / cby H.L. Ahuja .  a18th rev. ed. aNew Delhi:bS Chand,c2013. a963p. iii. aMicroeconomics